| 000 | 01052nam a22002537a 4500 | ||
|---|---|---|---|
| 999 |
_c6951 _d6951 |
||
| 003 | AR-CdUCM | ||
| 008 | 190319b ||||| |||| 00| 0 spa d | ||
| 020 | _a84-291-5001-3 | ||
| 020 | _a84-291-5002-1 | ||
| 040 |
_aMUNICIPALIDAD PROVINCIAL DEL CUSCO _cBIBLIOTECA MUNICIPAL DEL CUSCO |
||
| 082 |
_22ed. _a517.1073 / _bA62 |
||
| 100 |
_aApostol, Tom M. _919598 |
||
| 245 |
_aCalculus : _bCalculo como funciones de una variable, con una introducción al álgebra lineal / |
||
| 260 |
_aBuenos Aires : _bReverte, _c1973. |
||
| 300 |
_a2 tomos : _bIlustraciones, trazos, cuadros _c22cm. |
||
| 505 | _aContenido: t.1. Calculo con [funciones de una variable], con una introduccion al [algebra lineal] -- t.2. Calculo con [funciones de varias variables], algebra lineal con aplicaciones a las [ecuaciones diferenciales][probabilidades]. | ||
| 650 |
_aCalculo _918765 |
||
| 650 |
_aProblemas _99246 |
||
| 650 |
_aEjercicios _919599 |
||
| 650 |
_aMatematicas _99398 |
||
| 700 |
_aVelez Cantarell, francisco _919600 |
||
| 942 |
_2ddc _cLIBROS |
||
| 945 | _apjha | ||